| 000 | 00680nam a2200265Ia 4500 | ||
|---|---|---|---|
| 008 | 181129s9999 xx 000 0 und d | ||
| 020 | _a043940357X | ||
| 050 | _bB496 2000 | ||
| 100 | _aBerger, Melvin | ||
| 245 | 0 | _aWhy I sneeze, shiver, hiccup, and yawn / | |
| 245 | 0 | _cby Melvin Berger ; illustrated by Paul Meisel. | |
| 260 | _aNew York, NY : | ||
| 260 | _bScholastic, | ||
| 260 | _c2000 | ||
| 300 | _a33 pages : | ||
| 300 | _bcolor illustrations ; | ||
| 300 | _c20cm. | ||
| 440 | _aRead-and-find-out science. | ||
| 500 | _a480L | ||
| 650 | _aNervous system. | ||
| 650 | _aReflexes. | ||
| 700 | _aMeisel, Paul. | ||
| 700 | _aSeries. | ||
| 700 | _aTitle. | ||
| 999 |
_c359971 _d359971 |
||